[Event "VII Pontevedra Masters-A 2019"]
[Site "Pontevedra"]
[Date "2019.08.10"]
[Round "3"]
[White "Shirov, Alexei"]
[Black "Suarez Gomez, Julio"]
[Result "1-0"]
[WhiteElo "2658"]
[BlackElo "2429"]
[Annotator "TA"]
[PlyCount "99"]
[EventDate "2019.??.??"]
[EventCountry "ESP"]
[SourceTitle "playchess.com"]
[Source "ChessBase"]
[SourceQuality "1"]

{[%evp 13,99,12,18,-2,53,37,37,9,7,-19,85,61,64,56,156,138,138,138,108,46,70,52,235,238,215,187,183,210,283,212,373,382,445,461,437,448,437,425,432,330,357,322,323,237,237,219,208,205,205,205,205,195,187,181,168,117,219,211,208,195,308,291,395,394,371,379,343,353,577,577,518,511,587,486,2827,2697,2309,1399,29953,29947,6175,1940,1409,2420,1500,1278,29978,29979]} 1. e4 e6 2. d4 d5 3. Nc3 Bb4 4. e5 Ne7 5. a3 Bxc3+ 6. bxc3 b6 7. Qg4 Kf8 8. Bg5 {C16: French: 3 Nc3 Bb4 4 e5: Lines without ...c5} (8. Nh3 Ba6 9. Bxa6 Nxa6 10. Nf4 Nb8 11. Nh5 Nf5 12. Bg5 Qe8 13. O-O h6 14. Bd2 Qa4 15. Qd1 Nd7 {1-0 (44) Aronian,L (2767)-Caruana,F (2822) chess.com INT 2018}) 8... Ba6 $146 (8... c5 $11) ({Predecessor:} 8... h6 9. Bxe7+ Qxe7 10. Nf3 Ba6 11. Bxa6 Nxa6 12. c4 c6 13. O-O dxc4 14. Nd2 b5 15. Ne4 Nc7 {0-1 (39) Iruzubieta Villaluenga,J (2280)-Bricard,E (2430) Cannes 1992}) 9. Bxa6 $1 $14 Nxa6 10. Qe2 {White is slightly better.} Nb8 11. f4 Qc8 (11... Nbc6 $11) 12. Bxe7+ $1 $16 Kxe7 {[#]} 13. f5 $1 $36 {[%mdl 2560] White has some pressure.} g6 ({Better is} 13... exf5 $14 14. Qf3 Rd8) 14. fxe6 $1 fxe6 15. Nh3 Rf8 16. Ng5 ({White should play} 16. Qg4 $16) 16... c5 $14 {aiming for ...cxd4.} 17. Nxh7 Rh8 $2 {[#]} (17... Rf5 $14) 18. Ng5 $1 $18 {And now 0-0 would win.} Rf8 {Black wants to play ...cxd4.} 19. Qd3 cxd4 20. cxd4 Nc6 21. Nf3 (21. Qxg6 Nxd4 22. O-O-O Ne2+ 23. Kd2 Qc3+ 24. Kxe2 Qxe5+ 25. Kd3 Rac8 $14) 21... Rf4 $2 {[#]} (21... Kd7 22. O-O (22. Qxg6 Nxd4 23. Qh7+ Ke8 $11) 22... Ne7) 22. O-O $1 Qh8 23. c4 dxc4 24. Qxc4 Rc8 25. Rac1 Qd8 26. Qc2 Rf5 27. Qe4 Qd5 28. Qxd5 exd5 29. Rc3 {Threatens to win with Rfc1.} Kd7 {intending ...Nxd4.} 30. Rfc1 {e6+! is the strong threat.} Rff8 31. Ng5 Ne7 32. Nh7 Rh8 33. Nf6+ Ke6 34. g4 (34. Rxc8 $18 Rxc8 35. Rxc8 Nxc8 36. g4) 34... a5 (34... Rc4 $16) 35. Rxc8 Rxc8 {[%mdl 4096] Endgame KRN-KRN} 36. Rb1 Rc6 (36... Kf7 {was worth a try.} 37. Rxb6 Rc4) 37. h4 Nc8 38. h5 gxh5 39. gxh5 Rc4 40. Rd1 Rc3 $2 (40... Nd6 {is a better defense.} 41. h6 (41. exd6 Kxf6 42. Kf2 Ke6 $18) 41... Nf7) 41. h6 Ne7 42. h7 Ng6 43. Rb1 Rxa3 (43... Rh3 $142 44. Rxb6+ Kf5) 44. Rxb6+ Kf5 45. Nxd5 Rh3 {[#]} 46. Rxg6 $1 Rxh7 (46... Kxg6 47. Nf4+) 47. Ra6 Rg7+ 48. Kf2 Ke4 49. Rxa5 Kxd4 50. e6 {Accuracy: White = 66%, Black = 36%.} 1-0

[Event "VII Pontevedra Masters-A 2019"]
[Site "Pontevedra"]
[Date "2019.08.10"]
[Round "3"]
[White "Grigoryan, Karen H."]
[Black "Khamrakulov, Ibragim S."]
[Result "1/2-1/2"]
[WhiteElo "2549"]
[BlackElo "2437"]
[Annotator "ChessBase"]
[PlyCount "73"]
[EventDate "2019.??.??"]
[EventCountry "ESP"]
[SourceTitle "playchess.com"]
[Source "ChessBase"]
[SourceQuality "1"]
[TimeControl "5400+30"]

1. e4 c5 2. Nf3 e6 3. Nc3 a6 4. d4 cxd4 5. Nxd4 Qc7 6. Qg4 Nf6 7. Qg3 Qxg3 8. hxg3 Bb4 9. e5 Ne4 10. a3 Bxc3+ 11. bxc3 Nxc3 12. a4 Nd5 13. Ba3 f6 14. f4 b6 15. Kd2 Nc6 16. Nxc6 dxc6 17. c4 Ne7 18. Bd3 Bd7 19. exf6 gxf6 20. Rh6 Ng8 21. Rxh7 Rxh7 22. Bxh7 Kf7 23. Kc3 f5 24. Rh1 Nf6 25. Bb2 b5 26. Rh6 Ng4 27. Bg6+ Kg7 28. Rh7+ Kxg6 29. Rxd7 bxa4 30. Rb7 Rh8 31. Rb6 Nf2 32. Kc2 Rh2 33. Rxc6 Ne4 34. Rxe6+ Kf7 35. Rxa6 Rxg2+ 36. Kc1 Rg1+ 37. Kc2 1/2-1/2

[Event "VII Pontevedra Masters-A 2019"]
[Site "Pontevedra"]
[Date "2019.08.10"]
[Round "3"]
[White "Ruck, Robert"]
[Black "Villar Perez, Samuel"]
[Result "1-0"]
[WhiteElo "2524"]
[BlackElo "2179"]
[Annotator "ChessBase"]
[PlyCount "83"]
[EventDate "2019.??.??"]
[EventCountry "ESP"]
[SourceTitle "playchess.com"]
[Source "ChessBase"]
[SourceQuality "1"]
[TimeControl "5400+30"]

1. Nf3 Nf6 2. c4 c5 3. Nc3 d5 4. cxd5 Nxd5 5. d4 Nxc3 6. bxc3 g6 7. e3 Bg7 8. Bd3 Nc6 9. O-O O-O 10. Ba3 cxd4 11. cxd4 Qa5 12. Qb3 Be6 13. Qb2 Rfd8 14. Rfc1 Qb6 15. Qd2 Bg4 16. Rab1 Qc7 17. Qb2 Bxf3 18. gxf3 Rab8 19. Be4 Rdc8 20. Rc3 Qd8 21. Rbc1 e6 22. Qc2 Qg5+ 23. Kh1 Qh5 24. Bd6 Ra8 25. Rc5 Qh3 26. Bg3 Rd8 27. Bxc6 bxc6 28. Rxc6 Bf8 29. Kg1 Qh5 30. Kg2 Qd5 31. Qa4 h5 32. Qa6 Qg5 33. h4 Qd5 34. Be5 Bg7 35. R1c5 Qd7 36. Rc7 Qe8 37. Bg3 Bf8 38. Rc2 Rdb8 39. Rxa7 Rxa7 40. Qxa7 Rb1 41. Qa6 Qd7 42. Rc8 1-0

[Event "VII Pontevedra Masters-A 2019"]
[Site "Pontevedra"]
[Date "2019.08.10"]
[Round "3"]
[White "Manolache, Marius"]
[Black "Lopez Gonzalez, Alfonso"]
[Result "1-0"]
[WhiteElo "2504"]
[BlackElo "2219"]
[Annotator "ChessBase"]
[PlyCount "55"]
[EventDate "2019.??.??"]
[EventCountry "ESP"]
[SourceTitle "playchess.com"]
[Source "ChessBase"]
[SourceQuality "1"]
[TimeControl "5400+30"]

1. d4 d5 2. c4 e6 3. Nf3 Nf6 4. Nc3 Nbd7 5. Bf4 Be7 6. e3 dxc4 7. Bxc4 a6 8. Qe2 b5 9. Bb3 Bb7 10. Rd1 O-O 11. O-O Nb6 12. Rc1 Rc8 13. Rfd1 Qe8 14. Ne5 c5 15. dxc5 Bxc5 16. a3 Qe7 17. Ng4 Ne4 18. Nxe4 Bxe4 19. Ne5 Rfd8 20. Rxd8+ Qxd8 21. Rd1 Qe7 22. Qg4 Bg6 23. h4 Bf5 24. Qg3 f6 25. Nd3 Kh8 26. Nxc5 Qxc5 27. e4 Bxe4 28. Be3 1-0

[Event "VII Pontevedra Masters-A 2019"]
[Site "Pontevedra"]
[Date "2019.08.10"]
[Round "3"]
[White "Petkov, Vladimir"]
[Black "Solozhenkina, Elizaveta"]
[Result "1/2-1/2"]
[WhiteElo "2497"]
[BlackElo "2324"]
[Annotator "ChessBase"]
[PlyCount "111"]
[EventDate "2019.??.??"]
[EventCountry "ESP"]
[SourceTitle "playchess.com"]
[Source "ChessBase"]
[SourceQuality "1"]
[TimeControl "5400+30"]

1. d4 Nf6 2. Nf3 e6 3. c4 d5 4. g3 Bb4+ 5. Nc3 dxc4 6. Bg2 Nc6 7. O-O O-O 8. Rb1 Rb8 9. Bg5 h6 10. Bxf6 Qxf6 11. e3 Bd7 12. Qc2 Qe7 13. Ne4 b5 14. b3 cxb3 15. axb3 f5 16. Ned2 Bd6 17. Ra1 Nb4 18. Qb1 a6 19. Rc1 c5 20. dxc5 Bxc5 21. Ne5 Rfc8 22. Ndf3 Bd6 23. Rd1 Be8 24. Nd3 Nd5 25. Qb2 Nc3 26. Re1 b4 27. Nd4 Rb6 28. e4 Bc5 29. Nxc5 Qxc5 30. Ne2 fxe4 31. Nxc3 bxc3 32. Qc2 Bg6 33. Bxe4 Bxe4 34. Rxe4 Qd5 35. b4 Qd2 36. Ra2 Rd6 37. Re2 Qd1+ 38. Qxd1 Rxd1+ 39. Kg2 Rb1 40. Rec2 Rxb4 41. Ra3 Rb2 42. Rcxc3 Rxc3 43. Rxc3 Ra2 44. Rc7 Kf8 45. h4 a5 46. h5 a4 47. Ra7 a3 48. g4 Ra1 49. f3 a2 50. Kh2 Ke8 51. Kg2 Kd8 52. Kh2 Kc8 53. Kg2 Kb8 54. Ra3 Kb7 55. Ra4 e5 56. Ra3 1/2-1/2

[Event "VII Pontevedra Masters-A 2019"]
[Site "Pontevedra"]
[Date "2019.08.10"]
[Round "3"]
[White "Rodriguez Vila, Andres"]
[Black "Bernal Moro, Luis Javier"]
[Result "1-0"]
[WhiteElo "2492"]
[BlackElo "2428"]
[Annotator "ChessBase"]
[PlyCount "93"]
[EventDate "2019.??.??"]
[EventCountry "ESP"]
[SourceTitle "playchess.com"]
[Source "ChessBase"]
[SourceQuality "1"]
[TimeControl "5400+30"]

1. d4 Nf6 2. Nc3 d5 3. Bf4 e6 4. Nb5 Na6 5. e3 Be7 6. Nf3 O-O 7. a3 c5 8. Be2 Bd7 9. O-O Bxb5 10. Bxb5 Qb6 11. Be2 cxd4 12. exd4 Nc7 13. c3 Nce8 14. Qc2 Nd6 15. Bd3 Nc4 16. Rab1 Rfc8 17. Rfe1 g6 18. Re2 Nh5 19. Bh6 Qc7 20. g3 Bf8 21. Bg5 b5 22. Rbe1 a5 23. Qc1 Bd6 24. Ne5 Rab8 25. f4 Be7 26. Bxe7 Qxe7 27. f5 Nxe5 28. Rxe5 Ng7 29. fxe6 fxe6 30. Rxd5 b4 31. Rxa5 bxc3 32. b4 Qd6 33. Qe3 Rd8 34. Rc5 Qxd4 35. Qxd4 Rxd4 36. Rxc3 Rbd8 37. Bc4 Kf7 38. a4 Ke7 39. b5 Rc8 40. Rec1 Nf5 41. a5 Nd6 42. b6 Nxc4 43. b7 Rb8 44. a6 Nb6 45. Rb3 Rd6 46. Rc7+ Kd8 47. Rxh7 1-0

[Event "VII Pontevedra Masters-A 2019"]
[Site "Pontevedra"]
[Date "2019.08.10"]
[Round "3"]
[White "Narciso Dublan, Marc"]
[Black "Shirov, Alexei"]
[Result "1/2-1/2"]
[WhiteElo "2489"]
[BlackElo "2658"]
[Annotator "TA"]
[PlyCount "104"]
[EventDate "2019.??.??"]
[EventCountry "ESP"]
[SourceTitle "playchess.com"]
[Source "ChessBase"]
[SourceQuality "1"]

{[%evp 9,104,13,32,35,31,22,27,27,34,12,4,12,18,17,54,6,10,0,0,0,8,0,42,45,33,0,0,-21,-14,-18,-2,-27,-24,-26,-25,-26,0,0,0,0,0,0,0,0,0,-6,-4,-6,0,0,0,0,0,-9,0,0,0,0,0,0,0,-4,-4,0,0,-4,-4,-17,-17,-17,-18,-18,-2,0,0,0,0,0,0,0,0,0,0,0,0,0,0,0,0,0,0,0,0,0,0,0,0]} 1. d4 d5 2. c4 c6 3. Nf3 Nf6 4. e3 Bg4 5. h3 Bh5 6. g4 {D11: Slav Defence: 3 Nf3 sidelines and 3...Nf6 4 e3 Bg4} Bg6 7. Ne5 Nbd7 8. Nxg6 {White has an edge.} hxg6 9. Bg2 e6 10. Nd2 Bd6 11. O-O O-O 12. Qe2 $146 ({Predecessor:} 12. f4 c5 13. g5 Nh5 14. cxd5 exd5 15. Bxd5 cxd4 {0-1 (32) Wagner,D (2579)-Shirov,A (2712) Germany 2015}) 12... Re8 13. Rd1 g5 14. b3 Qe7 15. Bb2 Ba3 (15... Rad8 {seems wilder.} 16. Qd3 Nf8 17. Rac1 Ng6 18. Nf3 Nf8) 16. Bxa3 Qxa3 17. Nf1 Nf8 18. Ng3 Ng6 19. Rab1 a5 20. Qb2 Qe7 21. b4 axb4 22. Qxb4 Rxa2 23. Qxb7 {The position is equal.} Qxb7 24. Rxb7 Rc2 25. cxd5 cxd5 26. Ra1 Nh4 27. Rba7 Rec8 28. Ra8 g6 29. Rxc8+ Rxc8 30. Bh1 Rc2 31. Re1 Rd2 32. Ra1 Kg7 33. Nf1 Rb2 34. Ng3 Nd7 35. Ra7 Rb1+ 36. Kh2 Nf6 37. Ra2 Rd1 38. Ra7 Ne8 39. Ra6 $1 Nc7 40. Rb6 Rc1 41. Rb2 Kf8 42. Ne2 Re1 (42... Ra1 {is more complex.} 43. Nc3 Ra3 44. Nb1 Rd3 45. Nd2 Ne8) 43. Nc3 Ke7 44. Rb1 (44. Rb7 {is interesting.} Kd8 45. e4 Rc1 46. Rb8+ Ke7 47. Rb3) 44... Rxb1 45. Nxb1 $11 {[%mdl 4096] Endgame KBN-KNN} Nb5 46. Bg2 f5 47. Bf1 Nd6 48. Nd2 f4 49. Bd3 Kf6 50. Kg1 e5 51. dxe5+ Kxe5 52. Kf1 fxe3 {Accuracy: White = 63%, Black = 68%.} 1/2-1/2

[Event "VII Pontevedra Masters-A 2019"]
[Site "Pontevedra"]
[Date "2019.08.10"]
[Round "3"]
[White "Pulvett Marin, Daniel Eduardo"]
[Black "Rodriguez Vila, Andres"]
[Result "1-0"]
[WhiteElo "2474"]
[BlackElo "2492"]
[Annotator "ChessBase"]
[PlyCount "141"]
[EventDate "2019.??.??"]
[EventCountry "ESP"]
[SourceTitle "playchess.com"]
[Source "ChessBase"]
[SourceQuality "1"]
[TimeControl "5400+30"]

1. d4 f5 2. Nf3 Nf6 3. Nc3 e6 4. Bg5 d5 5. h3 c6 6. e3 Bb4 7. Bd3 Qa5 8. O-O Bxc3 9. bxc3 Qxc3 10. Bxf6 gxf6 11. Nh4 Nd7 12. Qh5+ Kd8 13. Ng6 Re8 14. Qxh7 Qa3 15. Qf7 Qd6 16. f4 b6 17. h4 Nf8 18. Qxf6+ Kc7 19. Ne5 Nd7 20. Qg7 Qe7 21. Qxe7 Rxe7 22. Nxd7 Bxd7 23. Kf2 Rg7 24. Rh1 c5 25. h5 Rh8 26. Rh3 Kd6 27. h6 Rg6 28. Rah1 c4 29. Be2 Ba4 30. c3 Bc2 31. h7 Ke7 32. Rh6 Kf6 33. g4 fxg4 34. Bxg4 Bf5 35. Bxf5 exf5 36. a4 Kg7 37. R6h5 Kf6 38. Rh6 Kg7 39. R6h5 Kf6 40. Rb1 Rg7 41. Rh6+ Rg6 42. Rxg6+ Kxg6 43. Rb5 Rxh7 44. Rxd5 Rh2+ 45. Kf3 Rc2 46. Rd6+ Kf7 47. Rd7+ Ke6 48. Rxa7 Rxc3 49. Ra6 Rb3 50. a5 c3 51. Ke2 c2 52. Kd2 Rxe3 53. Kxc2 Kd5 54. axb6 Kc6 55. Ra5 Kxb6 56. Rxf5 Kc6 57. Kd2 Ra3 58. Ke2 Kd6 59. Re5 Rh3 60. f5 Rh4 61. Kd3 Rf4 62. Kc4 Rf1 63. Ra5 Rc1+ 64. Kd3 Rd1+ 65. Ke4 Re1+ 66. Kf4 Rd1 67. Kg5 Rxd4 68. Kf6 Rh4 69. Kf7 Rh1 70. f6 Kd7 71. Rd5+ 1-0

[Event "VII Pontevedra Masters-A 2019"]
[Site "Pontevedra"]
[Date "2019.08.10"]
[Round "3"]
[White "Pulvett Marin, Daniel Eduardo"]
[Black "Gonzalez Trigal, Jose Luis"]
[Result "1-0"]
[WhiteElo "2474"]
[BlackElo "2339"]
[Annotator "TA"]
[PlyCount "101"]
[EventDate "2019.??.??"]
[EventCountry "ESP"]
[SourceTitle "playchess.com"]
[Source "ChessBase"]
[SourceQuality "1"]

{[%evp 11,101,22,20,20,20,19,15,18,11,-2,-10,-7,37,31,43,43,35,37,39,39,97,90,90,41,80,84,84,77,84,71,84,78,80,80,67,70,197,214,207,215,197,203,199,190,188,188,189,183,181,179,193,179,198,198,193,193,220,231,230,201,225,225,289,263,337,350,409,400,449,446,553,555,616,606,1418,1535,1799,1317,1819,1761,1345,1245,29967,29963,29971,29972,29970,11202,29970,29971,29976,29977]} 1. d4 Nf6 2. Nf3 d5 3. c4 e6 4. g3 dxc4 5. Bg2 a6 6. O-O Nc6 7. Bg5 {E04: Open Catalan: 5 Nf3} (7. e3 Bd7 8. Qe2 b5 9. b3 cxb3 10. axb3 Be7 11. Bd2 O-O 12. Rc1 Nb4 13. Ne5 Nfd5 14. Nc3 c6 15. Ne4 f6 16. Nxd7 Qxd7 17. Nc5 Bxc5 18. Rxc5 f5 19. Ra5 Qc7 20. Ra1 Qd7 21. Ra5 Qc7 22. Ra1 Qd7 {½-½ (22) So,W (2780)-Duda,J (2737) chess.com INT 2018}) 7... Be7 8. e3 O-O 9. Nfd2 {The position is equal.} e5 10. Bxf6 Bxf6 11. d5 Ne7 $146 ({Predecessor:} 11... Na5 12. b4 cxb3 13. axb3 b6 14. Ne4 Nb7 {1-0 (79) Lalith,B (2542)-Sebenik,M (2551) chess.com INT 2018}) 12. Nc3 c6 13. dxc6 Nxc6 14. Nxc4 Be6 15. Nd5 Bxd5 ({Black should try} 15... Nb4 $14 16. Ncb6 (16. Nxf6+ Qxf6 17. Na5 Bf5 $14) 16... Rb8) 16. Qxd5 $16 Rc8 17. Qe4 Qe7 18. Nb6 Rcd8 19. Nd5 Qe6 20. Rad1 Rd6 21. Rd3 Rfd8 {[#]} 22. Rfd1 $1 {And now Bh3! would win.} Kh8 23. Bf3 $36 {[%mdl 2048] Hoping for Bg4. White is pushing.} g6 (23... Bg5 $14) 24. Bg4 $18 Qe8 25. Nxf6 Rxf6 26. Bd7 Qe7 27. Rd5 {Threatens to win with Bxc6.} Rf8 28. a3 Kg7 29. Kg2 h5 30. h4 Rb8 31. R1d2 Rf8 32. b4 Rb8 33. Rc2 Rd8 34. Bxc6 $1 bxc6 35. Rxe5 Qd7 {[#] intending ...Qd1.} 36. Rec5 $1 Re8 37. Qd4 Qxd4 38. exd4 {[%mdl 4096] Endgame KRR-KRR} Ree6 39. Ra5 Rd6 40. Rxa6 Kf8 41. a4 {[%cal Ba3a4,Ba4a5,Ba5a6][%mdl 32]} Ke7 42. a5 Kd7 43. Rb6 Kc7 44. b5 Rxd4 45. Rcxc6+ Rxc6 46. Rxc6+ {KR-KR} Kd7 47. a6 Ra4 48. Rf6 Ke7 49. Rb6 (49. Rf4 $142 Ra5 50. Rb4 Kd8 51. b6 Kc8 52. b7+ Kb8 53. Rb6 Ra1 54. Rc6 Rxa6 55. Rxa6 Kxb7 56. Rf6) 49... Kd7 50. Rb7+ Kc8 51. Rxf7 {Accuracy: White = 90%, Black = 38%.} 1-0

[Event "VII Pontevedra Masters-A 2019"]
[Site "Pontevedra"]
[Date "2019.08.10"]
[Round "3"]
[White "Khamrakulov, Ibragim S."]
[Black "Petkov, Vladimir"]
[Result "1/2-1/2"]
[WhiteElo "2437"]
[BlackElo "2497"]
[Annotator "ChessBase"]
[PlyCount "109"]
[EventDate "2019.??.??"]
[EventCountry "ESP"]
[SourceTitle "playchess.com"]
[Source "ChessBase"]
[SourceQuality "1"]
[TimeControl "5400+30"]

1. e4 e5 2. Nf3 Nc6 3. Bc4 Nf6 4. d3 Be7 5. O-O O-O 6. a4 a5 7. Nc3 d6 8. h3 Be6 9. Bxe6 fxe6 10. d4 exd4 11. Nxd4 Qd7 12. f4 d5 13. Nxe6 Qxe6 14. exd5 Bc5+ 15. Kh2 Qf5 16. dxc6 bxc6 17. Qd3 Qxd3 18. cxd3 Rfd8 19. Ne4 Bb4 20. Nxf6+ gxf6 21. Rf3 Rd5 22. b3 Rad8 23. Bb2 Rxd3 24. Bxf6 Rxf3 25. Bxd8 Rxf4 26. Bxc7 Rd4 27. Rf1 c5 28. Kg3 c4 29. bxc4 Rxc4 30. Be5 Bd2 31. Rd1 Bc3 32. Bxc3 Rxc3+ 33. Kf4 Rc4+ 34. Kg5 Rxa4 35. Rd8+ Kg7 36. Rd7+ Kg8 37. Ra7 Rb4 38. Rxa5 Rb7 39. Kh6 Rb6+ 40. Kh5 Rc6 41. Ra8+ Kg7 42. Ra7+ Kg8 43. Re7 Ra6 44. g3 Rb6 45. Kg5 Rg6+ 46. Kf4 Rf6+ 47. Ke4 Rg6 48. Kf3 Rf6+ 49. Kg2 Ra6 50. h4 Ra4 51. Kf3 Rb4 52. Re4 Rb7 53. g4 Kg7 54. Kf4 h6 55. Re5 1/2-1/2

[Event "VII Pontevedra Masters-A 2019"]
[Site "Pontevedra"]
[Date "2019.08.10"]
[Round "3"]
[White "Suarez Gomez, Julio"]
[Black "Martins, Bruno Andre Leite"]
[Result "1/2-1/2"]
[WhiteElo "2429"]
[BlackElo "2177"]
[Annotator "NA"]
[PlyCount "117"]
[EventDate "2019.??.??"]
[EventCountry "ESP"]
[SourceTitle "playchess.com"]
[Source "ChessBase"]
[SourceQuality "1"]
[TimeControl "5400+30"]

1. d4 f5 2. g3 Nf6 3. Bg2 g6 4. Nh3 Bg7 5. O-O d6 6. c4 c6 7. Nc3 O-O 8. d5 e5 9. dxe6 Bxe6 10. Qd3 Nbd7 11. Ng5 Re8 12. Nxe6 Rxe6 13. Qc2 Nc5 14. Rb1 a5 15. e3 Qe7 16. b3 Ng4 17. Ne2 Qf7 18. Nd4 Re7 19. Bb2 h5 20. Nf3 Bh6 21. h3 Nf6 22. Rbd1 Nfe4 23. h4 Rae8 24. Ba1 Kh7 25. a3 Nd7 26. Ne1 Ndf6 27. Bxf6 Qxf6 28. Bxe4 Rxe4 29. Ng2 Qe6 30. Qd2 a4 31. Qb4 axb3 32. Rxd6 Qxc4 33. Rd7+ Kg8 34. Qxb7 Qb5 35. Qxb5 cxb5 36. Rb1 b4 37. Rxb3 bxa3 38. Rxa3 R4e7 39. Rxe7 Rxe7 40. Kf1 Kf7 41. Ke2 Rd7 42. Ne1 Bf8 43. Rb3 Bd6 44. Nd3 Rc7 45. Kf3 Rd7 46. Rb5 Ke6 47. Rb6 Kf7 48. Nb2 Be5 49. Nc4 Bf6 50. Rc6 Kg7 51. Kf4 Ra7 52. f3 Re7 53. e4 fxe4 54. fxe4 Bc3 55. e5 Be1 56. e6 Kf6 57. Nd6 Rxe6 58. Ne4+ Ke7 59. Rxe6+ 1/2-1/2

[Event "VII Pontevedra Masters-A 2019"]
[Site "Pontevedra"]
[Date "2019.08.10"]
[Round "3"]
[White "Bernal Moro, Luis Javier"]
[Black "Madrigal, Mariano"]
[Result "1-0"]
[WhiteElo "2428"]
[BlackElo "2151"]
[Annotator "NA"]
[PlyCount "97"]
[EventDate "2019.??.??"]
[EventCountry "ESP"]
[SourceTitle "playchess.com"]
[Source "ChessBase"]
[SourceQuality "1"]
[TimeControl "5400+30"]

1. c4 c5 2. Nf3 g6 3. e4 Nc6 4. d4 cxd4 5. Nxd4 Nf6 6. Nc3 Nxd4 7. Qxd4 d6 8. Bg5 Bg7 9. Qd2 O-O 10. Bd3 a5 11. O-O a4 12. Rab1 Be6 13. Rfc1 Nd7 14. Nd5 Re8 15. Bf1 Nc5 16. Re1 Bxd5 17. exd5 Qd7 18. f3 Qf5 19. Be3 e6 20. dxe6 Rxe6 21. Bf2 Rxe1 22. Rxe1 Qf6 23. Re2 h6 24. Qd5 Rd8 25. Rd2 Ne6 26. Qxb7 a3 27. bxa3 Qc3 28. Rd3 Qc1 29. Qb3 Ra8 30. Rxd6 Qf4 31. Rd1 Ra5 32. g3 Qf5 33. Bg2 Kh7 34. f4 h5 35. Rd5 Rxd5 36. cxd5 Nd4 37. Qd1 Nb5 38. h4 Nc3 39. Qd2 Nb1 40. Qb4 Qd3 41. Qe4 Qd1+ 42. Qe1 Qc2 43. Be4 Qxa2 44. Qxb1 Qxa3 45. Qd3 Qd6 46. f5 Be5 47. Kg2 Qf6 48. fxg6+ fxg6 49. Qf3 1-0

[Event "VII Pontevedra Masters-A 2019"]
[Site "Pontevedra"]
[Date "2019.08.10"]
[Round "3"]
[White "Kukov, Velislav"]
[Black "Narciso Dublan, Marc"]
[Result "0-1"]
[WhiteElo "2349"]
[BlackElo "2489"]
[Annotator "ChessBase"]
[PlyCount "74"]
[EventDate "2019.??.??"]
[EventCountry "ESP"]
[SourceTitle "playchess.com"]
[Source "ChessBase"]
[SourceQuality "1"]
[TimeControl "5400+30"]

1. d4 Nf6 2. Bf4 d5 3. e3 Bg4 4. Qd3 Nc6 5. Be2 Bxe2 6. Nxe2 e6 7. c4 Nb4 8. Qb3 dxc4 9. Qxc4 Qd5 10. Qxd5 exd5 11. Na3 Nd3+ 12. Kf1 O-O-O 13. Bg5 Rd6 14. Nb5 Rb6 15. Nbc3 Ne4 16. Nxe4 dxe4 17. b3 f6 18. Bh4 Rc6 19. f3 Bb4 20. fxe4 Re8 21. Rd1 Rxe4 22. Rxd3 Rxh4 23. Kf2 Rc2 24. a4 b5 25. axb5 Rh5 26. e4 Rxb5 27. Rb1 Ra5 28. Rc1 Rb2 29. Ke3 Ra3 30. d5 Raxb3 31. Rxb3 Rxb3+ 32. Kd4 Rb2 33. Kd3 Bd6 34. h4 a5 35. Ra1 Rb3+ 36. Kc4 Re3 37. Nd4 Rxe4 0-1

[Event "VII Pontevedra Masters-A 2019"]
[Site "Pontevedra"]
[Date "2019.08.10"]
[Round "3"]
[White "Lillo Castany, Victor"]
[Black "Ruck, Robert"]
[Result "0-1"]
[WhiteElo "2332"]
[BlackElo "2524"]
[Annotator "ChessBase"]
[PlyCount "68"]
[EventDate "2019.??.??"]
[EventCountry "ESP"]
[SourceTitle "playchess.com"]
[Source "ChessBase"]
[SourceQuality "1"]
[TimeControl "5400+30"]

1. e4 c5 2. Nf3 d6 3. Bb5+ Nd7 4. O-O Ngf6 5. Qe2 a6 6. Bd3 b5 7. c4 b4 8. a3 b3 9. Qd1 Rb8 10. Nc3 g6 11. Be2 Bg7 12. d3 Ng4 13. Nb1 Nge5 14. Nbd2 Qb6 15. Nxe5 Nxe5 16. h3 Nc6 17. Nf3 O-O 18. Rb1 f5 19. Bd2 Bd7 20. Qc1 e5 21. exf5 gxf5 22. Bc3 Rf6 23. Nd2 Bh6 24. Qd1 Rg6 25. Re1 Kh8 26. Bf1 Nd4 27. Bxd4 cxd4 28. Ra1 Bc6 29. Kh2 Rbg8 30. g3 Qb7 31. Nxb3 Ba4 32. Nc5 dxc5 33. Qxa4 Qxb2 34. Be2 f4 0-1

[Event "VII Pontevedra Masters-A 2019"]
[Site "Pontevedra"]
[Date "2019.08.10"]
[Round "3"]
[White "Solozhenkina, Elizaveta"]
[Black "Senlle Caride, Miguel"]
[Result "1/2-1/2"]
[WhiteElo "2324"]
[BlackElo "2357"]
[Annotator "TA"]
[PlyCount "58"]
[EventDate "2019.??.??"]
[EventCountry "ESP"]
[SourceTitle "playchess.com"]
[Source "ChessBase"]
[SourceQuality "1"]

{[%evp 11,58,23,47,27,32,43,28,28,24,27,19,21,19,-14,60,87,99,56,262,275,245,225,590,237,189,-110,-114,-29989,-492,-476,-476,-489,-485,-484,-477,-470,-477,-453,-428,-400,0,0,0,0,0,0,0,0,0]} 1. e4 c5 2. Nf3 e6 3. Nc3 Nc6 4. d4 cxd4 5. Nxd4 Qc7 6. Be3 a6 7. Qf3 {B48: Sicilian: Taimanov: 5 Nc3 Qc7 6 Be3 a6 without Be2} Ne5 8. Qg3 b5 9. a3 {White has an edge.} Bb7 10. O-O-O Nf6 11. Bxb5 Rc8 $1 (11... axb5 12. Ndxb5 Qb8 13. Bb6 $16) 12. Kb1 $146 (12. Bf4 Nh5 $17) ({Predecessor:} 12. Ba4 Nxe4 13. Nxe4 Bxe4 14. Bf4 Qa5 15. Bxe5 Qxa4 {1-0 (66) Vachier Lagrave,M (2778)-Harikrishna,P (2729) Germany 2019}) 12... Nxe4 (12... axb5 $6 13. Ndxb5 Qc4 14. Rd4 $16 (14. Qxe5 Nxe4 15. Rd4 Nxc3+ 16. Nxc3 Qc6 $16)) (12... h5 $11) 13. Nxe4 $14 {Black must now prevent Bf4.} Bxe4 14. Bxa6 Rb8 $2 (14... Bxc2+ $14 15. Ka1 Bxd1 16. Bxc8 Qxc8) 15. Bf4 $18 f6 16. Rhe1 d5 $2 {[#]} (16... Qb6 $2 17. Bb5 $18) (16... Bg6 {is more resistant.} 17. Bd3 (17. Bxe5 fxe5 18. Bd3 Bxd3 $18) 17... Bxd3 18. Rxd3 (18. Bxe5 Bxc2+ 19. Nxc2 fxe5 $16) 18... Rxb2+ 19. Kxb2 Nxd3+ 20. cxd3 Bxa3+ {[%mdl 64] Decoy} 21. Kxa3 Qa7+ 22. Kb3 Qxd4) 17. Ka1 (17. Rxe4 $142 $1 {[%mdl 512]} dxe4 18. Nxe6 Rxb2+ {[%mdl 64] Decoy} 19. Kxb2 Qb6+ 20. Qb3 Bxa3+ 21. Kxa3 Qxa6+ 22. Kb2 Nc4+ 23. Kc3 Qxe6 24. Rd6 $1 {[%mdl 512]}) 17... Kf7 18. f3 $2 ({Don't play} 18. Qh3 $6 Qb6 $14) ({Stronger than} 18. Rxe4 dxe4 19. Be2 h5 $11) ({White should play} 18. Bb5 $18) 18... Bxa3 $1 $17 19. Bc1 $2 {[%mdl 8192] [#]} (19. Qxg7+ $17 Kxg7 20. Nxe6+ {[%mdl 64] Double Attack} Kg6 21. Nxc7 Bxb2+ 22. Ka2 Bxc2 23. Rd2) 19... Bxb2+ $1 {[%mdl 512]} 20. Bxb2 $19 Qa5+ {[%mdl 64] Double Attack} 21. Kb1 Qc3 {[%csl Gb8][%cal Rc3b2]} 22. Bb5 {[#]} Rxb5 $1 {[%mdl 576] Deflection} 23. Nxb5 Qxc2+ 24. Ka1 Ra8+ 25. Na3 {[#]} Rxa3+ $2 (25... Nc4 $1 $19 {[%csl Gc4][%cal Rc2b2][%mdl 512]} 26. Qc7+ {[#]} Kg8 $1 {[%mdl 512]} 27. Qxc4 Qxc4 28. fxe4 d4 $1 {[%mdl 512]}) 26. Bxa3 $11 {The position is equal.} Qc3+ {[%mdl 64] Double Attack} 27. Ka2 Qc2+ 28. Ka1 Qc3+ {[%mdl 64] Double Attack} 29. Ka2 Qc2+ {Accuracy: White = 44%, Black = 41%.} (29... Bc2 $5 30. Rb1 $8 Qc4+ 31. Ka1 Qc3+ {[%mdl 64] Double Attack} 32. Ka2 Qc4+ 33. Ka1 Qc3+ {[%mdl 64] Double Attack} 34. Ka2 $11) 1/2-1/2